Normal view
MARC view
Entry Topical Term
001 - CONTROL NUMBER
- control field: 43294
003 - CONTROL NUMBER IDENTIFIER
- control field: ARRUPE
005 - DATE AND TIME OF LATEST TRANSACTION
- control field: 20181108113102.0
008 - FIXED-LENGTH DATA ELEMENTS
- fixed length control field: 181108|| aca||aabn | a|a d
040 ## - CATALOGING SOURCE
- Original cataloging agency: ARRUPE
- Transcribing agency: ARRUPE
150 ## - HEADING--TOPICAL TERM
- Topical term or geographic name as entry element: Husa (African people)
- General subdivision: Textiles
670 ## - SOURCE DATA FOUND
- Source citation: Work cat.: (ARRUPE)0: Kent, Kate Peck. 43291, Introducing West African cloth /, [1971]